00498nam a2200193 a 4500001001300000003000900013005001700022008004100039020001000080082001500090100001800105245005800123260002700181300000800208500003500216505002200251650001300273700001800286nice12345678IN_TiNIC20260116015114.0050524s0000 mala grp 000 0 eng  ac10000a294.3bSEN aSeng, Kem Eng aBuddhism the True Story of Gautama Buddha`s Teachings aMalaysiabAuthorc0000 a22p aincludes index and biblioraphy2 aFeb, 25-27, 2000. aBuddhism1 aSeng, Kem Eng